<?xml version="1.0" encoding="UTF-8"?>
<collection xmlns="http://www.loc.gov/MARC21/slim">
 <record>
  <leader>00824pam a22002538a 4500</leader>
  <controlfield tag="001">00040696</controlfield>
  <controlfield tag="005">20190326100358.0</controlfield>
  <controlfield tag="008">161209s2014                  ||||||Chisd</controlfield>
  <datafield tag="020" ind1="#" ind2="#">
   <subfield code="a">978 604 56 4093 7</subfield>
   <subfield code="c">79000</subfield>
  </datafield>
  <datafield tag="041" ind1="0" ind2="#">
   <subfield code="a">Vie</subfield>
  </datafield>
  <datafield tag="082" ind1="1" ind2="4">
   <subfield code="a">649</subfield>
   <subfield code="b">TH125H</subfield>
  </datafield>
  <datafield tag="100" ind1="1" ind2="#">
   <subfield code="a">Trương Binh</subfield>
   <subfield code="e">tác giả</subfield>
  </datafield>
  <datafield tag="245" ind1="1" ind2="0">
   <subfield code="a">Thấu hiểu tâm lí trẻ để yêu con đúng cách</subfield>
   <subfield code="c">Trương Binh; Hà Linh</subfield>
  </datafield>
  <datafield tag="260" ind1="#" ind2="#">
   <subfield code="b">Phụ nữ</subfield>
   <subfield code="c">2017</subfield>
   <subfield code="a">Hà Nội</subfield>
  </datafield>
  <datafield tag="300" ind1="#" ind2="#">
   <subfield code="a">255tr.</subfield>
   <subfield code="c">24 cm.</subfield>
  </datafield>
  <datafield tag="653" ind1="#" ind2="#">
   <subfield code="a">Cha mẹ</subfield>
  </datafield>
  <datafield tag="653" ind1="#" ind2="#">
   <subfield code="a">tuổi dậy thì</subfield>
  </datafield>
  <datafield tag="653" ind1="#" ind2="#">
   <subfield code="a">chăm sóc</subfield>
  </datafield>
  <datafield tag="653" ind1="#" ind2="#">
   <subfield code="a">Giáo dục</subfield>
  </datafield>
  <datafield tag="653" ind1="#" ind2="#">
   <subfield code="a">Nuôi dạy trẻ</subfield>
  </datafield>
  <datafield tag="700" ind1="1" ind2="#">
   <subfield code="e">Hà Linh</subfield>
   <subfield code="a">dịch</subfield>
  </datafield>
  <datafield tag="852" ind1="#" ind2="#">
   <subfield code="j">KD.0022905</subfield>
  </datafield>
  <datafield tag="910" ind1="#" ind2="#">
   <subfield code="d">08/01/2018</subfield>
   <subfield code="e">ltkchi</subfield>
   <subfield code="f">26/03/2019</subfield>
  </datafield>
  <datafield tag="980" ind1="#" ind2="#">
   <subfield code="a">Trung tâm Học liệu Lê Vũ Hùng, Trường Đại học Đồng Tháp</subfield>
  </datafield>
 </record>
</collection>
